000 00257nam a2200109Ia 4500
008 190216s9999||||xx |||||||||||||| ||und||
100 _aOganesion E T
245 0 _aChemistry A Refresher Course
260 _bMir Publishers
650 _aChemistry
942 _cBK
999 _c2759
_d2759